000 01050nam0a22002891 4500
001 rc\2775674
005 20250810045434.0
035 _a(NLR Aleph) 006901964
090 _a7256998
_c7256998
100 _a20110915d1941 u y0rusy50 ca
101 1 _arus
_ceng
102 _aRU
105 _aa z |||||
200 1 _aСуда-ловушки
_dMy mystery ships
_fПер. с англ. капитан-лейтенанта А. С. Кирносова
_gПод общей ред. капитана 1-го ранга Н. Б. Павловича
210 _aЛенинград
_cСудпромгиз
_d1941
_eКиев
215 _a156 с.
_cил., черт.
_d22 см.
510 0 _aMy mystery ships
700 1 _aКемпбел
_bГ.
_gГордон
702 1 _aПавлович
_bН.Б.
_4340
702 1 _aКирносов
_bА.С.
_4730
801 0 _aRU
_bNLR
_gpsbo
801 1 _aRU
_bELAR
_2rusmarc
852 _aNLR
_jВ80 Г-5/8
942 _cBOOK
945 _aРоссийская национальная библиотека
980 _aNB
980 _aBV